COAL MINING IN INDIA (Record no. 5644)

MARC details
000 -LEADER
fixed length control field 00378nam a22001577a 4500
005 - DATE AND TIME OF LATEST TRANSACTION
control field 20171204145647.0
008 - FIXED-LENGTH DATA ELEMENTS--GENERAL INFORMATION
fixed length control field 171204b xxu||||| |||| 00| 0 eng d
041 ## - LANGUAGE CODE
Language code of text/sound track or separate title eng
082 ## - DEWEY DECIMAL CLASSIFICATION NUMBER
Classification number 622.334
100 ## - MAIN ENTRY--AUTHOR NAME
Personal name MATHUR, S.P.
245 ## - TITLE STATEMENT
Title COAL MINING IN INDIA
Statement of responsibility, etc S.P. MATHUR
250 ## - EDITION STATEMENT
Edition statement 2ND ED. 2008
260 ## - PUBLICATION, DISTRIBUTION, ETC. (IMPRINT)
Place of publication BILASPUR
Name of publisher SAHYOG PRAKASHAN
300 ## - PHYSICAL DESCRIPTION
Number of Pages 426p.
942 ## - ADDED ENTRY ELEMENTS (KOHA)
Koha item type Books
Holdings
Lost status Damaged status Collection code Home library Current library Shelving location Date acquired Source of acquisition Cost, normal purchase price Full call number Accession Number Koha item type
    MINING JRU Library   SHELF-94-B 04/12/2017 PURCHESS 500.00 622.334 22221 Books
    MINING JRU Library JRU Library SHELF-94-B 04/12/2017 PURCHESS 500.00 622.334 22222 Books